000 00623nam a2200181 a 4500
001 000038480
005 20201002031256.0
008 130412s1990 mx a 000 0 spa d
020 _a968451297X
040 _aDO-SdBNP
_bspa
_cBNPHU
100 1 _aShigley, Joseph Edward
_964825
245 1 0 _aTeoría de máquinas y mecanismos /
_cJoseph Edward, John Joseph Uicker ; traductor Hortensia C. de Contin.
260 _aMéxico :
_bMcgraw-Hill,
_c1990.
300 _a613 p. :
_bils. ;
_c21 cm.
500 _aTraducido del idioma inglés
700 1 _aUicker, John Joseph
_964826
700 1 _aContin, Hortensia C. de,
_etrad.
_964827
999 _c37970
_d37970